1er. SET 1986 Austral y Cruzado. Dos Planes Bajo la Lupa (Registro nro. 17928)

Detalles MARC
000 -LEADER
fixed length control field 00374 a2200121 4500
001 - CONTROL NUMBER
control field ART_10886
005 - DATE AND TIME OF LATEST TRANSACTION
control field 20260410161732.0
008 - FIXED-LENGTH DATA ELEMENTS--GENERAL INFORMATION
fixed length control field 260409a
100 1# - MAIN ENTRY--PERSONAL NAME
Personal name Guedes, Paulo
245 10 - TITLE STATEMENT
Title 1er. SET 1986 Austral y Cruzado. Dos Planes Bajo la Lupa
700 1# - ADDED ENTRY--PERSONAL NAME
Personal name Expósito, David
773 0# - HOST ITEM ENTRY
Title Ejecutivos de finanzas
Related parts - Año 3, Nº 27 (may. 1986)
Record control number REV2863

No hay ítems disponibles.